People by Cause of Death #2 - Statistics

General Stats
  • This quiz has been taken 21 times
  • The average score is 4 of 15
Answer Stats
Hint Answer % Correct
Aretha Franklin Cancer
72%
Ritchie Valens Plane Crash
67%
Carrie Fisher Heart Attack
61%
Marvin Gaye Murder
56%
Debbie Reynolds Stroke
39%
Ella Fitzgerald Diabetes
17%
Dolores O'Riordan Drowning
17%
Scott Dozier Suicide
17%
Jim Morrison Heart Failure
11%
Daryl Dragon Kidney Failure
11%
Vinnie Paul Coronary Artery Disease
6%
George Michael Fatty Liver Disease
6%
John McCain Glioblastoma
6%
Joan Rivers Hypoxia
6%
Bob Einstein Leukemia
6%
No matching quizzes found
Score Distribution
Percent of People with Each Score
Percentile by Number Answered
Your Score History
You have not taken this quiz